000 00277nam a2200109Ia 4500
005 20251222153600.0
008 251222s9999||||xx |||||||||||||| ||spa||
082 _a658.15/V28F
100 _a"Van Horne, James"
245 0 _aFundamentos de administraciyn financiera
942 _cLIB
999 _c31201
_d31201